01947nam a2200325 a 4500999001500000001000600015003000900021005001700030008004100047040003300088082001800121100001800139245010800157260005800265300003000323650002000353650003000373650000900403942001200412952011600424952013400540952011600674952011600790952011600906952013401022952011601156952011601272952011601388952011701504 c1029d102914423BD-DhUAP20210119103648.0200202t20101994ii 000 0 eng d aSTXcBD-DhUAPbEngdBD-DhUAP00a340.2 KHA223 aKhanna, S. L.00aComparative law :b a general and comparative study of common law and civil law systems /cS. L. Khanna aDelhi :bCentral Law Agency,cc1994 [Reprinted 2010]. aviii, 214 pages ;c22 cm. aComparative law aLawvStudy and teaching.  aLaw. 2ddccBK 00102ddc4070aUAPCLbUAPCLcGeneral Stacksd2020-02-02o340.2 KHAp3010014423r2020-02-02t1w2020-02-02yBK 00102ddc4070aUAPCLbUAPCLcGeneral Stacksd2020-02-02l2m1o340.2 KHAp3010015258r2021-12-01s2021-12-01t2w2020-02-02yBK 00102ddc4070aUAPCLbUAPCLcGeneral Stacksd2020-02-02o340.2 KHAp3010014422r2020-02-02t3w2020-02-02yBK 00102ddc4070aUAPCLbUAPCLcGeneral Stacksd2020-02-02o340.2 KHAp3010015303r2020-02-02t4w2020-02-02yBK 00102ddc4070aUAPCLbUAPCLcGeneral Stacksd2020-02-02o340.2 KHAp3010014420r2020-02-02t5w2020-02-02yBK 00102ddc4070aUAPCLbUAPCLcGeneral Stacksd2020-02-02l1m1o340.2 KHAp3010015260r2022-04-10s2022-03-10t6w2020-02-02yBK 00102ddc4070aUAPCLbUAPCLcGeneral Stacksd2020-02-02o340.2 KHAp3010015259r2020-02-02t7w2020-02-02yBK 00102ddc4070aUAPCLbUAPCLcGeneral Stacksd2020-02-02o340.2 KHAp3010014421r2020-02-02t8w2020-02-02yBK 00102ddc4070aUAPCLbUAPCLcGeneral Stacksd2020-02-02o340.2 KHAp3010015257r2020-02-02t9w2020-02-02yBK 00102ddc4070aUAPCLbUAPCLcGeneral Stacksd2020-02-02o340.2 KHAp3010014419r2020-02-02t10w2020-02-02yBK